[Event "Regionalliga NW 1415"]
[Site "Bayern"]
[Date "2014.11.23"]
[Round "3.8"]
[White "Bastian, Holger"]
[Black "Kuespert, Helmut"]
[Result "1/2-1/2"]
[WhiteElo "1723"]
[BlackElo "1924"]
[PlyCount "35"]
[EventDate "2014.10.19"]
[EventType "team-tourn"]
[EventRounds "9"]
[EventCountry "GER"]
[SourceTitle "EXT 2018"]
[Source "ChessBase"]
[SourceDate "2017.10.13"]
[SourceVersion "1"]
[SourceVersionDate "2017.10.13"]
[SourceQuality "1"]
[WhiteTeam "Aschaffenburg Schweinheim"]
[BlackTeam "Marktleuthen"]
[WhiteTeamCountry "GER"]
[BlackTeamCountry "GER"]

1. Nf3 c5 2. g3 b6 3. Bg2 Bb7 4. 0-0 Nf6 5. d3 d6 6. e4 Nbd7 7. Nbd2 g6 8. c3 Bg7 9. Re1 0-0 10. d4 Ne8 11. e5 dxe5 12. dxe5 Nc7 13. Nc4 Ne6 14. Ng5 Bxg2 15. Kxg2 Qc7 16. Nxe6 Qc6+ 17. Kg1 Qxe6 18. f4 1/2-1/2

[Event "Karl Mala Memorial op-A 16th"]
[Site "Frankfurt"]
[Date "2013.07.14"]
[Round "6"]
[White "Bastian, Holger"]
[Black "Daechert, Peter"]
[Result "0-1"]
[WhiteElo "1772"]
[BlackElo "2033"]
[PlyCount "156"]
[EventDate "2013.07.11"]
[EventType "swiss"]
[EventRounds "7"]
[EventCountry "GER"]
[SourceTitle "EXT 2014"]
[Source "ChessBase"]
[SourceDate "2013.11.20"]
[SourceVersion "1"]
[SourceVersionDate "2013.11.20"]
[SourceQuality "1"]

1. e4 c5 2. Nf3 Nc6 3. d3 g6 4. g3 Bg7 5. Bg2 Nf6 6. 0-0 0-0 7. Nbd2 d5 8. c3 Bg4 9. h3 Bxf3 10. Qxf3 d4 11. c4 Nd7 12. Qe2 e5 13. f4 a6 14. Nf3 b5 15. b3 bxc4 16. bxc4 Rb8 17. f5 Qa5 18. fxg6 hxg6 19. Bg5 Qa3 20. Rad1 Rb2 21. Rd2 Rfb8 22. Rf2 Rb1+ 23. Kh2 f6 24. Bh4 Bh6 25. Rd1 R8b2 26. Nd2 Rxd1 27. Qxd1 Rxd2 28. Rxd2 Bxd2 29. Qxd2 Kg7 30. Qe2 g5 31. Qg4 Nf8 32. Bxg5 fxg5 33. Qxg5+ Ng6 34. h4 Qxd3 35. h5 Nce7 36. hxg6 Nxg6 37. Bh3 Qe2+ 38. Kg1 Qe1+ 39. Kh2 Qe2+ 40. Kg1 Qd1+ 41. Kh2 Qc2+ 42. Kg1 Qb1+ 43. Kf2 Qxa2+ 44. Ke1 Qb1+ 45. Kf2 Qc2+ 46. Kg1 Qxe4 47. Bf5 Qe3+ 48. Qxe3 dxe3 49. Kf1 a5 50. Bd7 Nf8 51. Be8 Ne6 52. Ke2 Ng5 53. Kxe3 Kf6 54. Bd7 Ke7 55. Ba4 Kd6 56. Bc2 Kc6 57. Ba4+ Kd6 58. Bc2 Ke6 59. Ba4 Kf5 60. Bd7+ Kf6 61. Ba4 Ke6 62. Bc2 Nf7 63. Ba4 Nd6 64. Kd3 e4+ 65. Kc3 Ke5 66. Bd7 Kf6 67. Ba4 Kg5 68. Bd1 Nf5 69. g4 Ne3 70. Be2 Nxg4 71. Kb3 Ne5 72. Ka4 Kf4 73. Kxa5 Ke3 74. Bd1 Kd4 75. Kb5 Nxc4 76. Be2 Ne5 77. Ka4 Nd3 78. Kb3 Nc1+ 0-1

[Event "Karl Mala Memorial op-A 16th"]
[Site "Frankfurt"]
[Date "2013.07.13"]
[Round "4"]
[White "Bastian, Holger"]
[Black "Markulic, Petar"]
[Result "1-0"]
[WhiteElo "1772"]
[BlackElo "1663"]
[PlyCount "43"]
[EventDate "2013.07.11"]
[EventType "swiss"]
[EventRounds "7"]
[EventCountry "GER"]
[SourceTitle "EXT 2014"]
[Source "ChessBase"]
[SourceDate "2013.11.20"]
[SourceVersion "1"]
[SourceVersionDate "2013.11.20"]
[SourceQuality "1"]

1. e4 e5 2. Nf3 Nc6 3. Bb5 d6 4. 0-0 Nf6 5. Re1 Bg4 6. c3 a6 7. Ba4 b5 8. Bb3 Qd7 9. d3 h6 10. Nbd2 Be7 11. Nf1 Be6 12. Bc2 Nh7 13. d4 Bg4 14. h3 Bxh3 15. gxh3 Qxh3 16. dxe5 Nxe5 17. Nxe5 dxe5 18. Qd5 0-0 19. Qxe5 Bd6 20. Qf5 Qh4 21. e5 Rad8 22. Qxh7# 1-0

[Event "Karl Mala Memorial op-A 16th"]
[Site "Frankfurt"]
[Date "2013.07.13"]
[Round "5"]
[White "Kammerer, Peter"]
[Black "Bastian, Holger"]
[Result "0-1"]
[WhiteElo "1930"]
[BlackElo "1772"]
[PlyCount "50"]
[EventDate "2013.07.11"]
[EventType "swiss"]
[EventRounds "7"]
[EventCountry "GER"]
[SourceTitle "EXT 2014"]
[Source "ChessBase"]
[SourceDate "2013.11.20"]
[SourceVersion "1"]
[SourceVersionDate "2013.11.20"]
[SourceQuality "1"]

1. d4 Nf6 2. Nf3 g6 3. c4 Bg7 4. Nc3 0-0 5. e4 d6 6. Be2 e5 7. d5 a5 8. h3 Na6 9. Be3 Nc5 10. Qc2 Bd7 11. 0-0 Nh5 12. Nd2 Nf4 13. Bxf4 exf4 14. Bf3 Re8 15. Rfe1 Qg5 16. Kh2 Qh4 17. Nb3 Nxb3 18. axb3 Bd4 19. Rf1 f5 20. Rae1 fxe4 21. Nxe4 g5 22. Qe2 Bf5 23. Qd2 Bg7 24. Qe2 g4 25. Bxg4 Rxe4 0-1

[Event "Karl Mala Memorial op-A 16th"]
[Site "Frankfurt"]
[Date "2013.07.12"]
[Round "2"]
[White "Hillgaertner, Walter"]
[Black "Bastian, Holger"]
[Result "1-0"]
[WhiteElo "1939"]
[BlackElo "1772"]
[PlyCount "91"]
[EventDate "2013.07.11"]
[EventType "swiss"]
[EventRounds "7"]
[EventCountry "GER"]
[SourceTitle "EXT 2014"]
[Source "ChessBase"]
[SourceDate "2013.11.20"]
[SourceVersion "1"]
[SourceVersionDate "2013.11.20"]
[SourceQuality "1"]

1. d4 Nf6 2. Bf4 g6 3. e3 Bg7 4. Nf3 d6 5. h3 0-0 6. Be2 Re8 7. 0-0 c6 8. c3 Nbd7 9. Nbd2 e5 10. Bh2 e4 11. Ne1 d5 12. c4 Nf8 13. cxd5 cxd5 14. Rc1 Qa5 15. a3 Qb6 16. b4 Ne6 17. Nb3 Nd7 18. Nc2 f5 19. Nc5 Ndf8 20. Na1 f4 21. Nab3 fxe3 22. fxe3 Bh6 23. Rc3 Bd7 24. Nxd7 Nxd7 25. Nc5 Ndf8 26. Qb3 Rad8 27. Be5 Bg7 28. Na4 Nxd4 29. Bxd4 Qe6 30. Bxg7 Kxg7 31. Rc7+ Re7 32. Rxe7+ Qxe7 33. Qb2+ Kg8 34. Nc5 b6 35. Nb3 Qg5 36. Qd2 Qg3 37. Nd4 h6 38. Bg4 Qd6 39. Qf2 h5 40. Qf7+ Kh8 41. Be6 Nxe6 42. Nxe6 Rd7 43. Qe8+ Kh7 44. Rf7+ Rxf7 45. Qxf7+ Kh6 46. Qg7# 1-0

[Event "Frankfurt-chA"]
[Site "Frankfurt"]
[Date "2013.06.03"]
[Round "5"]
[White "Willems, Matthias"]
[Black "Bastian, Holger"]
[Result "1-0"]
[WhiteElo "2027"]
[BlackElo "1698"]
[PlyCount "77"]
[EventDate "2013.04.29"]
[EventType "swiss"]
[EventRounds "7"]
[EventCountry "GER"]
[SourceTitle "EXT 2014"]
[Source "ChessBase"]
[SourceDate "2013.11.20"]
[SourceVersion "1"]
[SourceVersionDate "2013.11.20"]
[SourceQuality "1"]

1. d4 Nf6 2. Nf3 g6 3. c4 Bg7 4. Nc3 0-0 5. Bg5 d6 6. e3 Nbd7 7. Be2 e5 8. dxe5 dxe5 9. Qc2 c6 10. Rd1 Qc7 11. 0-0 Nc5 12. Bxf6 Bxf6 13. b4 Na6 14. Ne4 Bg7 15. Qb3 Qe7 16. a3 Be6 17. Nfg5 Rfd8 18. Qc2 Bf5 19. g4 Bd7 20. c5 Nc7 21. Nxf7 Kxf7 22. Nd6+ Kf8 23. Nxb7 Rdb8 24. Na5 Nd5 25. Qd2 Bh6 26. f4 e4 27. g5 Bg7 28. Bc4 Bc3 29. Qc1 Qg7 30. Rxd5 cxd5 31. Bxd5 Bb5 32. Rf2 Rd8 33. Bxa8 Rxa8 34. Rc2 Qd7 35. c6 Bxc6 36. Nxc6 Rc8 37. b5 Ba5 38. Ne5 Rxc2 39. Nxd7+ 1-0

[Event "Karl Mala Memorial op 15th"]
[Site "Frankfurt"]
[Date "2012.07.08"]
[Round "6"]
[White "Guth, Susanne"]
[Black "Bastian, Holger"]
[Result "0-1"]
[WhiteElo "1760"]
[BlackElo "1679"]
[PlyCount "166"]
[EventDate "2012.07.05"]
[EventType "swiss"]
[EventRounds "7"]
[EventCountry "GER"]
[SourceTitle "CBM 149 Extra"]
[Source "ChessBase"]
[SourceDate "2012.08.24"]
[SourceVersion "1"]
[SourceVersionDate "2012.08.24"]
[SourceQuality "1"]

1. d4 Nf6 2. Nf3 g6 3. Bg5 Bg7 4. e3 d6 5. Nbd2 h6 6. Bxf6 Bxf6 7. Bd3 Nd7 8. 0-0 0-0 9. c3 e5 10. Qc2 d5 11. dxe5 Nxe5 12. Nxe5 Bxe5 13. Nf3 Bg7 14. h3 c5 15. Rfd1 Qb6 16. Qb3 Qxb3 17. axb3 Be6 18. Bc2 Rfd8 19. Ra5 b6 20. Ra6 Bc8 21. Ra4 Bb7 22. b4 Bc6 23. Ra2 cxb4 24. cxb4 a6 25. Nd4 Bb7 26. Rda1 Rdc8 27. Bd3 b5 28. Kf1 Rc7 29. Ke2 Rac8 30. Kd2 Bf8 31. Nc2 Kg7 32. b3 Be7 33. Re1 Bf6 34. Nd4 Bh4 35. g3 Be7 36. Nc2 Rxc2+ 37. Rxc2 Bxb4+ 38. Kd1 Rxc2 39. Bxc2 Bxe1 40. Kxe1 a5 41. Kd2 Kf6 42. Kc3 Ke5 43. b4 a4 44. Bd3 Bc6 45. Bc2 Bd7 46. f4+ Kf6 47. Bd3 Ke6 48. h4 Kd6 49. Kd4 Kc6 50. Bc2 Bf5 51. Bd1 Bb1 52. Kc3 Ba2 53. Bc2 Bc4 54. Kb2 Kd6 55. Kc3 a3 56. Bd1 a2 57. Kb2 f5 58. Bf3 Ke6 59. Bd1 d4 60. exd4 Kd5 61. Bf3+ Kxd4 62. Bc6 Ke3 63. Be8 Kf3 64. Bxg6 Kxg3 65. Bxf5 Kxf4 66. Bg6 Kg4 67. h5 Kf4 68. Be8 Ke3 69. Bg6 Kd4 70. Be8 a1Q+ 71. Kxa1 Kc3 72. Kb1 Kxb4 73. Kb2 Kc5 74. Bg6 b4 75. Bc2 Kd4 76. Bg6 Ke5 77. Bc2 Bf7 78. Bd1 Kf4 79. Be2 Kg5 80. Bd1 Bxh5 81. Bc2 Bf7 82. Be4 h5 83. Bh1 h4 0-1

[Event "Frankfurt-chA"]
[Site "Frankfurt"]
[Date "2012.06.04"]
[Round "5"]
[White "Fussnecker, Manfred"]
[Black "Bastian, Holger"]
[Result "1-0"]
[WhiteElo "1876"]
[BlackElo "1690"]
[PlyCount "37"]
[EventDate "2012.04.30"]
[EventType "swiss"]
[EventRounds "7"]
[EventCountry "GER"]
[SourceTitle "EXT 2013"]
[Source "ChessBase"]
[SourceDate "2012.11.22"]
[SourceVersion "1"]
[SourceVersionDate "2012.11.22"]
[SourceQuality "1"]

1. e4 d6 2. d4 Nf6 3. Nc3 g6 4. Bg5 Bg7 5. Qd2 c6 6. 0-0-0 b5 7. Bh6 Bxh6 8. Qxh6 b4 9. e5 bxc3 10. exf6 cxb2+ 11. Kb1 exf6 12. d5 Qa5 13. Nf3 cxd5 14. Qg7 Rf8 15. Qxf6 Be6 16. Nd4 Nd7 17. Qh4 Nc5 18. Bb5+ Bd7 19. Nc6 1-0

[Event "Frankfurt-chA"]
[Site "Frankfurt"]
[Date "2012.04.30"]
[Round "1"]
[White "Sandten, Ulrich"]
[Black "Bastian, Holger"]
[Result "1-0"]
[WhiteElo "2095"]
[BlackElo "1690"]
[PlyCount "121"]
[EventDate "2012.04.30"]
[EventType "swiss"]
[EventRounds "7"]
[EventCountry "GER"]
[SourceTitle "EXT 2013"]
[Source "ChessBase"]
[SourceDate "2012.11.22"]
[SourceVersion "1"]
[SourceVersionDate "2012.11.22"]
[SourceQuality "1"]

1. e4 d6 2. Nc3 Nf6 3. d3 g6 4. h4 Bg7 5. Be2 Nc6 6. h5 gxh5 7. Bxh5 h6 8. Be3 Ne5 9. Be2 d5 10. f4 Neg4 11. Bd4 dxe4 12. dxe4 h5 13. Nf3 a6 14. Qd3 c5 15. Bxc5 Qc7 16. 0-0-0 Qxf4+ 17. Kb1 Be6 18. Nd4 Ne5 19. Nxe6 Nxd3 20. Nxf4 Nxf4 21. Bf3 Ng4 22. Nd5 Nxd5 23. Rxd5 Nf6 24. Rg5 Kf8 25. Bxe7+ Kxe7 26. Rxg7 Rad8 27. Rg5 h4 28. Kc1 Rd4 29. c3 Rd3 30. Kc2 Re3 31. Rf5 Ke6 32. Rf4 Ke5 33. Rhxh4 Rxh4 34. Rxh4 Nxe4 35. Rxe4+ Rxe4 36. Bxe4 Kxe4 37. Kd2 a5 38. b3 Kf4 39. Ke2 Kg3 40. Kf1 Kf4 41. Kf2 Ke4 42. Ke2 Kf4 43. c4 Kg3 44. Kf1 Kf4 45. Kf2 Ke4 46. Ke2 Kd4 47. Kd2 Ke4 48. a3 Kf4 49. b4 Ke4 50. Kc3 f5 51. c5 Kd5 52. g3 Ke4 53. Kc4 axb4 54. axb4 Kf3 55. b5 Kxg3 56. c6 bxc6 57. b6 f4 58. b7 f3 59. b8Q+ Kg2 60. Qg8+ Kh1 61. Qg3 1-0

[Event "Karl Mala Memorial op 14th"]
[Site "Frankfurt"]
[Date "2011.07.10"]
[Round "6"]
[White "Bastian, Holger"]
[Black "Storch, Dominik"]
[Result "0-1"]
[WhiteElo "1686"]
[BlackElo "1883"]
[PlyCount "78"]
[EventDate "2011.07.07"]
[EventType "swiss"]
[EventRounds "7"]
[EventCountry "GER"]
[SourceTitle "EXT 2012"]
[Source "ChessBase"]
[SourceDate "2011.11.24"]
[SourceVersion "1"]
[SourceVersionDate "2011.11.24"]
[SourceQuality "1"]

1. Nf3 g6 2. g3 Bg7 3. Bg2 Nf6 4. 0-0 0-0 5. d3 d5 6. Nbd2 Re8 7. e4 e5 8. Re1 d4 9. Nf1 c5 10. h3 Nc6 11. N3h2 b5 12. g4 Qb6 13. Ng3 Bb7 14. g5 Nd7 15. Ng4 Rf8 16. a3 c4 17. Qf3 f5 18. exf5 gxf5 19. Nxf5 Nd8 20. Ngh6+ Kh8 21. Qh5 Bxg2 22. Kxg2 Qg6 23. Qg4 Qe6 24. Qh4 Rxf5 25. Qe4 Bxh6 26. Qxa8 Bxg5 27. Bxg5 Rxg5+ 28. Kh2 Qf6 29. f3 Nb6 30. Qe4 Qf5 31. Qh4 Ne6 32. Rg1 Rxg1 33. Rxg1 Qf4+ 34. Qxf4 Nxf4 35. dxc4 bxc4 36. Rd1 Kg7 37. Kg3 Nbd5 38. b3 Ne3 39. Rd2 Nf1+ 0-1

[Event "Karl Mala Memorial op 14th"]
[Site "Frankfurt"]
[Date "2011.07.08"]
[Round "2"]
[White "Lebeda, Timo"]
[Black "Bastian, Holger"]
[Result "1-0"]
[WhiteElo "2013"]
[BlackElo "1686"]
[PlyCount "73"]
[EventDate "2011.07.07"]
[EventType "swiss"]
[EventRounds "7"]
[EventCountry "GER"]
[SourceTitle "EXT 2012"]
[Source "ChessBase"]
[SourceDate "2011.11.24"]
[SourceVersion "1"]
[SourceVersionDate "2011.11.24"]
[SourceQuality "1"]

1. c4 Nf6 2. Nf3 g6 3. g3 Bg7 4. Bg2 0-0 5. 0-0 d6 6. d4 Nc6 7. Nc3 e5 8. b3 Ng4 9. dxe5 dxe5 10. e4 Nd4 11. h3 Nxf3+ 12. Qxf3 Nf6 13. Bg5 Qd6 14. Nb5 Qc6 15. Nxc7 Nxe4 16. Nxa8 Nxg5 17. Qxc6 bxc6 18. h4 Ne6 19. Bxc6 Nd4 20. Bg2 f5 21. Nc7 f4 22. Kh2 Bf5 23. Rad1 Bc2 24. Rd2 fxg3+ 25. Kxg3 e4 26. Kh3 Bd3 27. Re1 Rf4 28. Nd5 Rf8 29. Bxe4 Bxe4 30. Rxe4 Nf3 31. Rd3 Ne5 32. Rde3 Nc6 33. Re8 Bd4 34. Ne7+ Nxe7 35. R3xe7 Bxf2 36. Rxf8+ Kxf8 37. Rxh7 1-0

[Event "Karl Mala Memorial op 14th"]
[Site "Frankfurt"]
[Date "2011.07.08"]
[Round "3"]
[White "Wolf, Felix"]
[Black "Bastian, Holger"]
[Result "1-0"]
[WhiteElo "1845"]
[BlackElo "1686"]
[PlyCount "71"]
[EventDate "2011.07.07"]
[EventType "swiss"]
[EventRounds "7"]
[EventCountry "GER"]
[SourceTitle "EXT 2012"]
[Source "ChessBase"]
[SourceDate "2011.11.24"]
[SourceVersion "1"]
[SourceVersionDate "2011.11.24"]
[SourceQuality "1"]

1. e4 d6 2. d4 Nf6 3. Nc3 g6 4. f4 Bg7 5. Nf3 0-0 6. Be3 Nc6 7. Bd3 Bg4 8. h3 Bxf3 9. Qxf3 e5 10. dxe5 dxe5 11. f5 Nd4 12. Qf2 c6 13. g4 Qb6 14. Nd1 gxf5 15. gxf5 c5 16. c3 Qa5 17. b4 cxb4 18. cxd4 exd4 19. Bxd4 Rad8 20. Rg1 Kh8 21. Rxg7 Rxd4 22. Qxd4 Kxg7 23. Ne3 Rd8 24. Nd5 b3+ 25. Ke2 Rd6 26. axb3 Qd8 27. Rxa7 Qe8 28. Qg1+ Kf8 29. Nxf6 Rxf6 30. Qc5+ Kg8 31. Rxb7 Qa8 32. Ra7 Qb8 33. e5 Rc6 34. Qe7 Qxb3 35. Ra8+ Kg7 36. Qg5+ 1-0

[Event "Frankfurt-ch"]
[Site "Frankfurt"]
[Date "2011.06.06"]
[Round "6"]
[White "Bastian, Holger"]
[Black "Kolker, Vladislav"]
[Result "0-1"]
[WhiteElo "1689"]
[BlackElo "2104"]
[PlyCount "72"]
[EventDate "2011.05.02"]
[EventType "swiss"]
[EventRounds "7"]
[EventCountry "GER"]
[SourceTitle "EXT 2012"]
[Source "ChessBase"]
[SourceDate "2011.11.24"]
[SourceVersion "1"]
[SourceVersionDate "2011.11.24"]
[SourceQuality "1"]

1. e4 e5 2. Nf3 Nc6 3. Bb5 f5 4. Nc3 fxe4 5. Nxe4 d5 6. Nxe5 dxe4 7. Nxc6 Qd5 8. c4 Qd6 9. Qh5+ g6 10. Qe5+ Qxe5 11. Nxe5+ c6 12. Nxc6 a6 13. Nd4+ axb5 14. Nxb5 Kf7 15. 0-0 Nf6 16. f3 Bc5+ 17. Kh1 exf3 18. Rxf3 Bg4 19. Rf1 Be2 20. Re1 Bxc4 21. d4 Bb4 22. Nc3 Bxc3 23. bxc3 Rxa2 24. Rxa2 Bxa2 25. Rf1 Bc4 26. Re1 Re8 27. Rxe8 Kxe8 28. g3 Kd7 29. Kg2 Bd5+ 30. Kf1 Ne4 31. Bb2 Ke6 32. g4 Kf6 33. Ke2 Kg5 34. Ke3 Nd6 35. Bc1 Kxg4 36. Kf2 Ne4+ 0-1

[Event "Frankfurt-ch"]
[Site "Frankfurt"]
[Date "2011.05.23"]
[Round "4"]
[White "Bastian, Holger"]
[Black "Gutacker, Stephan"]
[Result "0-1"]
[WhiteElo "1689"]
[BlackElo "1949"]
[PlyCount "102"]
[EventDate "2011.05.02"]
[EventType "swiss"]
[EventRounds "7"]
[EventCountry "GER"]
[SourceTitle "EXT 2012"]
[Source "ChessBase"]
[SourceDate "2011.11.24"]
[SourceVersion "1"]
[SourceVersionDate "2011.11.24"]
[SourceQuality "1"]

1. e4 e5 2. Nf3 Nc6 3. Bb5 a6 4. Ba4 Nf6 5. 0-0 b5 6. Bb3 Bb7 7. Re1 Bc5 8. c3 d6 9. h3 0-0 10. d3 h6 11. Nbd2 Re8 12. Nf1 d5 13. Qe2 dxe4 14. dxe4 Nh5 15. N3h2 Nf6 16. Ng3 Na5 17. Bc2 Nc4 18. Ng4 Nd6 19. Qf3 Nxg4 20. hxg4 Bc8 21. Nf5 Bxf5 22. gxf5 Qf6 23. g3 g5 24. Kg2 Kg7 25. Qg4 Rg8 26. f4 Kf8 27. fxe5 Qxe5 28. Qh5 Rh8 29. Qf3 Rd8 30. Rd1 Kg7 31. Rd5 Qe7 32. Rxc5 Nxe4 33. f6+ Nxf6 34. Be3 Rhe8 35. Re1 Rd6 36. Bf2 Qd7 37. Rxe8 Nxe8 38. Bd4+ Nf6 39. Qe4 Kf8 40. Qe3 Nd5 41. Qe5 f6 42. Qe4 c6 43. Qg6 Qg4 44. Qxh6+ Ke7 45. Qh7+ Kd8 46. Qe4 Nf4+ 47. Kf2 Re6 48. Bxf6+ Rxf6 49. Qd4+ Nd5+ 50. Ke1 Qxg3+ 51. Ke2 Qg2+ 0-1

[Event "Frankfurt-ch"]
[Site "Frankfurt"]
[Date "2010.06.14"]
[Round "7"]
[White "Hartmann, Stephan"]
[Black "Bastian, Holger"]
[Result "0-1"]
[WhiteElo "1406"]
[BlackElo "1717"]
[PlyCount "78"]
[EventDate "2010.04.26"]
[EventType "swiss"]
[EventRounds "7"]
[EventCountry "GER"]
[SourceTitle "EXT 2011"]
[Source "ChessBase"]
[SourceDate "2010.11.26"]
[SourceVersion "1"]
[SourceVersionDate "2010.11.26"]
[SourceQuality "1"]

1. e4 d6 2. d4 Nf6 3. Nc3 g6 4. Bb5+ c6 5. Bd3 Bg7 6. Bg5 Nbd7 7. Nf3 b5 8. a3 Rb8 9. 0-0 h6 10. Be3 a6 11. h3 0-0 12. Qd2 Kh7 13. Nh2 c5 14. f4 cxd4 15. Bxd4 Nc5 16. Rae1 b4 17. axb4 Rxb4 18. Bxc5 dxc5 19. b3 Nh5 20. Nd5 Rb8 21. e5 Ng3 22. Rf3 Nf5 23. Ne3 f6 24. Nxf5 Bxf5 25. Qe2 fxe5 26. fxe5 Qd4+ 27. Kh1 a5 28. Bxf5 gxf5 29. Rd3 Qf4 30. Nf3 a4 31. bxa4 Qxa4 32. Red1 Rb2 33. R1d2 Rfb8 34. Rd7 Rb1+ 35. Rd1 Qxd7 36. Rxb1 Rxb1+ 37. Kh2 Qd1 38. Qf2 Qd5 39. Qh4 Bxe5+ 0-1

[Event "Frankfurt-ch"]
[Site "Frankfurt"]
[Date "2010.05.31"]
[Round "5"]
[White "Bastian, Holger"]
[Black "Schloessner, Henrik"]
[Result "0-1"]
[WhiteElo "1717"]
[BlackElo "2043"]
[PlyCount "74"]
[EventDate "2010.04.26"]
[EventType "swiss"]
[EventRounds "7"]
[EventCountry "GER"]
[SourceTitle "EXT 2011"]
[Source "ChessBase"]
[SourceDate "2010.11.26"]
[SourceVersion "1"]
[SourceVersionDate "2010.11.26"]
[SourceQuality "1"]

1. e4 c6 2. d3 d5 3. Nd2 dxe4 4. dxe4 e5 5. Ngf3 Bc5 6. Bc4 Nf6 7. 0-0 b5 8. Bb3 Qc7 9. Qe2 0-0 10. Re1 Ng4 11. Rf1 a5 12. a4 Nd7 13. axb5 cxb5 14. Bd5 Rb8 15. Nb3 Bb6 16. c4 Ba6 17. Nbd2 Ndf6 18. cxb5 Nxd5 19. bxa6 Nf4 20. Qc4 Qxc4 21. Nxc4 Ne2+ 22. Kh1 Nxf2+ 23. Rxf2 Bxf2 24. Nfxe5 Ra8 25. Bd2 Rxa6 26. Rxa5 Rxa5 27. Bxa5 f5 28. Nd7 Rc8 29. b3 fxe4 30. g3 Nd4 31. Nd6 Rc1+ 32. Kg2 e3 33. Ne4 Rg1+ 34. Kh3 Nxb3 35. Bb6 Rd1 36. Ne5 Bg1 37. Nf3 e2 0-1

[Event "Frankfurt-ch"]
[Site "Frankfurt"]
[Date "2009.05.18"]
[Round "4"]
[White "Schellen, Sven"]
[Black "Bastian, Holger"]
[Result "0-1"]
[WhiteElo "1556"]
[BlackElo "1774"]
[PlyCount "56"]
[EventDate "2009.04.27"]
[EventType "tourn"]
[EventRounds "7"]
[EventCountry "GER"]
[SourceTitle "EXT 2010"]
[Source "ChessBase"]
[SourceDate "2010.11.25"]
[SourceVersion "1"]
[SourceVersionDate "2010.11.25"]
[SourceQuality "1"]

1. Nc3 Nf6 2. e4 d6 3. d4 g6 4. Bc4 Bg7 5. Nge2 0-0 6. f3 c5 7. Be3 cxd4 8. Nxd4 Nc6 9. Nce2 Ne5 10. Bb3 d5 11. Bf4 Qd6 12. Nb5 Qb4+ 13. Nec3 Nc4 14. Bxc4 dxc4 15. Kf2 Nh5 16. a3 Qa5 17. Bc7 Qa6 18. e5 Nf4 19. Qd4 Ne6 20. Qxc4 Bd7 21. Qb4 Bxb5 22. Nxb5 Rac8 23. Bb8 Rxc2+ 24. Kg3 Rxb8 25. Nc3 Bxe5+ 26. Kh4 Nf4 27. Ne4 Nxg2+ 28. Kg5 Qe6 0-1

[Event "Frankfurt-ch"]
[Site "Frankfurt"]
[Date "2009.05.11"]
[Round "3"]
[White "Bastian, Holger"]
[Black "Henrich, Thomas"]
[Result "0-1"]
[WhiteElo "1774"]
[BlackElo "2209"]
[PlyCount "50"]
[EventDate "2009.04.27"]
[EventType "tourn"]
[EventRounds "7"]
[EventCountry "GER"]
[SourceTitle "EXT 2010"]
[Source "ChessBase"]
[SourceDate "2010.11.25"]
[SourceVersion "1"]
[SourceVersionDate "2010.11.25"]
[SourceQuality "1"]

1. e4 c5 2. Nf3 d6 3. d3 Nc6 4. g3 Nf6 5. Bg2 g6 6. 0-0 Bg7 7. Nbd2 Bd7 8. Re1 0-0 9. a4 Qc7 10. Nc4 Rad8 11. c3 e5 12. Bg5 h6 13. Bd2 Be6 14. Ne3 d5 15. Nc2 dxe4 16. dxe4 Na5 17. b4 cxb4 18. cxb4 Nb3 19. Rb1 Rd7 20. Ne3 Nxe4 21. Rb2 Rfd8 22. Nf1 Nbxd2 23. N3xd2 Nxd2 24. Nxd2 Qc3 25. Rc2 Rxd2 0-1

[Event "Frankfurt-ch"]
[Site "Frankfurt"]
[Date "2008.06.02"]
[Round "5"]
[White "Bastian, Holger"]
[Black "Kolker, Vladislav"]
[Result "0-1"]
[WhiteElo "1775"]
[BlackElo "2091"]
[PlyCount "48"]
[EventDate "2008.04.28"]
[EventType "swiss"]
[EventRounds "7"]
[EventCountry "GER"]
[SourceTitle "EXT 2009"]
[Source "ChessBase"]
[SourceDate "2008.11.26"]
[SourceVersion "1"]
[SourceVersionDate "2008.11.26"]
[SourceQuality "1"]

1. e4 e5 2. Nf3 Nc6 3. Bb5 f5 4. d3 d6 5. 0-0 Nf6 6. Nc3 Be7 7. Bd2 fxe4 8. dxe4 a6 9. Bxc6+ bxc6 10. Qe2 Bg4 11. Qc4 Qd7 12. Ne1 d5 13. exd5 cxd5 14. Qd3 e4 15. Qd4 0-0 16. f3 c5 17. Qe5 Bd6 18. Qg5 exf3 19. Nxf3 d4 20. Nd1 h6 21. Qh4 Ne4 22. Be1 Be7 23. Ne5 Rxf1+ 24. Kxf1 Qf5+ 0-1

[Event "Frankfurt-ch"]
[Site "Frankfurt"]
[Date "2008.05.19"]
[Round "3"]
[White "Czech, Ludwig"]
[Black "Bastian, Holger"]
[Result "1-0"]
[WhiteElo "2075"]
[BlackElo "1775"]
[PlyCount "77"]
[EventDate "2008.04.28"]
[EventType "swiss"]
[EventRounds "7"]
[EventCountry "GER"]
[SourceTitle "EXT 2009"]
[Source "ChessBase"]
[SourceDate "2008.11.26"]
[SourceVersion "1"]
[SourceVersionDate "2008.11.26"]
[SourceQuality "1"]

1. c4 Nf6 2. g3 g6 3. Bg2 Bg7 4. Nc3 0-0 5. e4 d6 6. Nge2 c5 7. 0-0 Nc6 8. a3 a6 9. Rb1 Qa5 10. d3 Bg4 11. Bd2 Rab8 12. h3 Bd7 13. f4 b5 14. Nxb5 Qb6 15. Nbc3 Nd4 16. Nxd4 cxd4 17. Ne2 e5 18. b4 Bc6 19. fxe5 dxe5 20. Bg5 Qd8 21. Qd2 Qd6 22. Kh2 Nd7 23. Qa2 Qe6 24. Ng1 f6 25. Bc1 Kh8 26. Rb2 f5 27. exf5 gxf5 28. Bxc6 Qxc6 29. Rbf2 Qg6 30. Qe2 Nf6 31. Nf3 Nh5 32. Rg1 f4 33. gxf4 Qd6 34. Ng5 Nxf4 35. Bxf4 exf4 36. Qh5 h6 37. Nf7+ Rxf7 38. Qxf7 Be5 39. Rg6 1-0

[Event "Frankfurt-ch"]
[Site "Frankfurt"]
[Date "2008.04.28"]
[Round "1"]
[White "Klundt, Klaus"]
[Black "Bastian, Holger"]
[Result "1-0"]
[WhiteElo "2378"]
[BlackElo "1775"]
[PlyCount "83"]
[EventDate "2008.04.28"]
[EventType "swiss"]
[EventRounds "7"]
[EventCountry "GER"]
[SourceTitle "EXT 2009"]
[Source "ChessBase"]
[SourceDate "2008.11.26"]
[SourceVersion "1"]
[SourceVersionDate "2008.11.26"]
[SourceQuality "1"]

1. e4 d6 2. d4 Nf6 3. Nc3 g6 4. Nf3 Bg7 5. Be2 0-0 6. 0-0 Nbd7 7. e5 dxe5 8. dxe5 Ng4 9. e6 Nde5 10. Nxe5 Nxe5 11. exf7+ Nxf7 12. Be3 c6 13. Bc4 Qc7 14. Ne4 Kh8 15. Bxf7 Rxf7 16. Bd4 Bf5 17. Ng5 Rff8 18. Bxg7+ Kxg7 19. Qd4+ e5 20. Qc3 Kg8 21. Rae1 Rae8 22. Re3 Qd8 23. Qb3+ Kg7 24. Nf3 e4 25. Qxb7+ Re7 26. Qb4 Rd7 27. Qc3+ Kg8 28. Ne5 Rd6 29. Nxc6 Qc7 30. Nd4 Qxc3 31. bxc3 Ra6 32. h3 Rxa2 33. g4 Bd7 34. Rxe4 Ra3 35. Re7 Rf7 36. Re3 a5 37. Rb1 a4 38. c4 Ra2 39. c5 Rf6 40. Re7 Bc6 41. Nxc6 Rxc6 42. Rb8+ 1-0